000 00574nam a2200229Ia 4500
003 OSt
005 20220918204415.0
006 a|||||r|||| 00| 0
007 ta
008 220917b |||||||| |||| 00| 0 eng d
024 _a112,572
037 _cTextual
040 _aARTS
_cARTS
_beng
041 _2eng
_aeng
082 _aV53:27wL801, 122K0
100 _aLangeron R
_9111959
245 0 _aDecazes
_b Ministaer du roi
260 _c1930
650 _aHISTORY
942 _hV53:27wL801, 122K0
_cTEXL
_2CC
999 _c235921
_d235921